Approksimacionnyje metody rešenija differencial'nych i integral'nych upravenij
Enregistré dans:
| Auteur principal: | |
|---|---|
| Format: | Livre |
| Langue: | russe |
| Publié: |
Kijev
Naukova dumka
1988
|
| Édition: | 1. izd. |
| Tags: |
Pas de tags, Soyez le premier à ajouter un tag!
|
MARC
| LEADER | 00000nam a2200000 4500 | ||
|---|---|---|---|
| 001 | c031639 | ||
| 005 | 20221219125955.5 | ||
| 041 | 0 | |a rus | |
| 044 | |a UA | ||
| 245 | 1 | 0 | |a Approksimacionnyje metody rešenija differencial'nych i integral'nych upravenij |c Vladislav Kirillovič Dzjadyk |
| 250 | |a 1. izd. | ||
| 264 | 1 | |a Kijev |b Naukova dumka |c 1988 | |
| 300 | |a 302 s. | ||
| 100 | 1 | |a Dzjadyk, Vladislav Kirillovič | |